000 00668nam a2200229 a 4500
001 1110
003 BR-CuiBMT
005 20231129021755.0
008 231128s2013 mtba 000 0 por d
020 _a9788579920561
040 _aBR-CuiBMT
_cBR-CuiBMT
080 _22007
_a821.134.3
_x(817.2)
_x-94
090 _a821.134.3(817.2)-94
_bP644c
100 1 _aPimentel, Hélio
245 1 0 _aCuiabália :
_bcrônicas /
_cHélio Pimentel.
260 _aCuiabá :
_bEntrelinhas,
_c2013.
300 _a169 p. :
_bil. ;
_c23 cm
650 _aLiteratura mato-grossense
_xCrônicas
650 _aCrônicas mato-grossenses
650 _aCrônicas brasileiras
942 _2udc
_cLV
999 _c1110
_d1110